000 00643nam a2200241Ia 4500
003 OSt
005 20221005052454.0
006 a|||||r|||| 00| 0
007 ta
008 221004b |||||||| |||| 00| 0 eng d
024 _a67182
037 _cTextual
040 _aCRL
_cCRL
_beng
041 _2eng
_aeng
082 _aV3,11wM27, M2
100 _aDenhoim Antony
_9596799
245 0 _aLord Ripon 1827-1909
_b A political bibliography
260 _aLondon
_bCroombelm 1982
_c1982
300 _a287p.
_ccm.
650 _aHISTORY
942 _hV3,11wM27, M2
_cTEXL
_2cc
999 _c960442
_d960442